000
00331pab a2200145 454500
008
180718b1990 xxu||||| |||| 00| 0 eng d
100
_a
Sarda, Narayan
245
_a
Revenue audit of commerical banks
260
_c
1990
300
_a
918-21
362
_a
June
650
_a
Banks
773
_a
Chartered Accountant
909
_a
4583
999
_c
4583
_d
4583